| 000 -LEADER |
| fixed length control field |
00377nam a22001577a 4500 |
| 008 - FIXED-LENGTH DATA ELEMENTS--GENERAL INFORMATION |
| fixed length control field |
200708b ||||| |||| 00| 0 eng d |
| 082 00 - DEWEY DECIMAL CLASSIFICATION NUMBER |
| Classification number |
531.110151 |
| Item number |
R1831 |
| 100 ## - MAIN ENTRY--PERSONAL NAME |
| 9 (RLIN) |
3270 |
| Personal name |
Ramsey, A. S. |
| 245 10 - TITLE STATEMENT |
| Title |
Dynamics, Part-1 |
| 250 ## - EDITION STATEMENT |
| Edition statement |
2nd ed. |
| 260 ## - PUBLICATION, DISTRIBUTION, ETC. (IMPRINT) |
| Place of publication, distribution, etc |
London |
| Name of publisher, distributor, etc |
ELBS |
| Date of publication, distribution, etc |
1961 |
| 300 ## - PHYSICAL DESCRIPTION |
| Extent |
xii,259p. |
| 365 ## - TRADE PRICE |
| Unit of pricing |
7.20 |
| 650 #0 - SUBJECT ADDED ENTRY--TOPICAL TERM |
| Topical term or geographic name as entry element |
Dynamics |
| 942 ## - ADDED ENTRY ELEMENTS (KOHA) |
| Item type |
Books |